Mechanical and process equipment estimating and engineering standards.

Bibliographic Details
Corporate Authors: Richardson Engineering Services, International Estimating Services
Format: Serial
Language:English
Published: Downey, Calif. [publisher not identified] ;
Subjects:

MARC

Tag First Indicator Second Indicator Subfields
LEADER 00000cas a2200000 4500
001 in00000077550
005 20151008052800.0
008 800514d19uu1971cauuu 0uuua0eng d
035 |a (OCoLC)06315602 
035 |9 AAH4848AM 
040 |a TXA  |c TXA  |d UtOrBLW 
049 |a TXAE 
090 |a TA404.5  |b .R512 
110 2 |a Richardson Engineering Services. 
245 1 0 |a Mechanical and process equipment estimating and engineering standards. 
264 1 |a Downey, Calif.  |b [publisher not identified] ; 
300 |a  volumes :  |b illustrations 
336 |a text  |b txt  |2 rdacontent 
337 |a unmediated  |b n  |2 rdamedia 
338 |a volume  |b nc  |2 rdacarrier 
362 0 |a 19 -1971? 
500 |a Volume 4 of Richardson Engineering Services standards manuals. 
500 |a Looseleaf for updating. 
515 |a No more published. 
550 |a Prepared by International Estimating Services. 
650 0 |a Buildings  |v Specifications. 
650 0 |a Standards, Engineering. 
650 0 |a Building construction contracts. 
710 2 |a International Estimating Services. 
730 0 |a Richardson Engineering Services standards manual. 
760 0 |t Richardson Engineering Services standards manuals 
999 |a MARS 
999 f f |s b2931a71-d746-3c2b-9c2d-f073f45eaf1d  |i f30d2c39-432c-39f1-b9d2-04f60b0fa540  |t 0 
952 f f |p ric  |a Texas A&M University  |b Rellis Campus  |c Joint Library Facility  |d Remote Storage  |t 0  |e TA404.5 .R512  |h Library of Congress classification  |i unmediated -- volume  |k v.4  |l 1971  |m A14807236691 
998 f f |a TA404.5 .R512  |s v.4 (1971)  |t 0  |l Remote Storage